00556nam a22001577a 4500020001800000082001500018100002100033245002700054260004500081300000800126650001800134942000700152952011700159952010500276999001700381 a9780812966183 a297.09 ARM aArmstrong, Karen aIslam: A Short History aNYbModern Library Chronicles Bookc2002 a230 aIslam History cBK 00104070aHMIbHMId2016-04-11eFlipkartg399.00l1o297.09 ARMp25064r2017-06-29s2017-06-23w2016-04-11yBK 00104070aHMIbHMId2016-04-11eFlipkartg399.00l0o297.09 ARMp25070r2016-04-11w2026-01-16yBK c20041d20041